{"text_format":"3","workbook":"xlsx","n_sheets":1,"sheets":["t275"],"read":"whole","date_system":"1900"}

{"sheet":"t275","index":0,"n_rows":175,"n_cols":7,"rows_kept":175,"merged":[[0,0,0,6],[28,0,28,5],[44,0,44,5],[148,0,148,5]]}
["TABELA 275.1 - Estatísticas Agrícolas, Município de Jaborandi, Estado de São Paulo, 2016/17."]
["ITEM","UNIDADE","N.DE UPAs","MÍNIMO","MÉDIO","MÁXIMO","TOTAL"]
["Distância à sede do município","km",301,0.1,{"v":8.06,"d":"8.1"},22.6,"-"]
["Área total","hectare",301,{"v":1,"d":"1.0"},{"v":88.91,"d":"88.9"},{"v":1576.8,"d":"1,576.8"},{"v":26762.7,"d":"26,762.7"}]
["Área com cultura perene","hectare",33,0.6,{"v":15.56,"d":"15.6"},86.7,513.5]
["Área com cultura temporária","hectare",282,{"v":1,"d":"1.0"},{"v":76.12,"d":"76.1"},{"v":1292.5,"d":"1,292.5"},{"v":21465,"d":"21,465.0"}]
["Área com pastagem","hectare",61,0.2,{"v":19.77,"d":"19.8"},{"v":192,"d":"192.0"},{"v":1205.9,"d":"1,205.9"}]
["Área com reflorestamento","hectare",13,0.2,{"v":6.23,"d":"6.2"},50.2,{"v":81,"d":"81.0"}]
["Área com vegetação natural","hectare",158,0.1,{"v":10,"d":"10.0"},190.4,{"v":1580.6,"d":"1,580.6"}]
["Área com vegetação de brejo e várzea","hectare",133,0.1,{"v":9.22,"d":"9.2"},97.2,{"v":1226.2,"d":"1,226.2"}]
["Área em descanso","hectare",1,14.3,14.3,14.3,14.3]
["Área complementar","hectare",296,0.1,{"v":2.28,"d":"2.3"},{"v":36,"d":"36.0"},676.2]
["Área das UPAs com (0, 1] ha","hectare",1,{"v":1,"d":"1.0"},{"v":1,"d":"1.0"},{"v":1,"d":"1.0"},{"v":1,"d":"1.0"}]
["Área das UPAs com (1, 2] ha","hectare",2,1.6,{"v":1.65,"d":"1.7"},1.7,3.3]
["Área das UPAs com (2, 5] ha","hectare",31,2.4,{"v":4.04,"d":"4.0"},{"v":5,"d":"5.0"},125.3]
["Área das UPAs com (5, 10] ha","hectare",31,{"v":6,"d":"6.0"},{"v":8.39,"d":"8.4"},9.9,260.1]
["Área das UPAs com (10, 20] ha","hectare",54,10.2,{"v":15.93,"d":"15.9"},19.9,{"v":860,"d":"860.0"}]
["Área das UPAs com (20, 50] ha","hectare",76,20.1,{"v":31.23,"d":"31.2"},48.4,{"v":2373.5,"d":"2,373.5"}]
["Área das UPAs com (50, 100] ha","hectare",45,50.8,{"v":73.97,"d":"74.0"},97.2,{"v":3328.7,"d":"3,328.7"}]
["Área das UPAs com (100, 200] ha","hectare",31,100.3,{"v":132.95,"d":"133.0"},196.6,{"v":4121.3,"d":"4,121.3"}]
["Área das UPAs com (200, 500] ha","hectare",20,210.1,{"v":320.53,"d":"320.5"},482.7,{"v":6410.6,"d":"6,410.6"}]
["Área das UPAs com (500, 1.000] ha","hectare",8,530.4,784.6,972.9,{"v":6276.8,"d":"6,276.8"}]
["Área das UPAs com (1.000, 2.000] ha","hectare",2,{"v":1425.3,"d":"1,425.3"},{"v":1501.05,"d":"1,501.1"},{"v":1576.8,"d":"1,576.8"},{"v":3002.1,"d":"3,002.1"}]
["Área das UPAs com (2.000, 5.000] ha","hectare","-","-","-","-","-"]
["Área das UPAs com (5.000, 10.000] ha","hectare","-","-","-","-","-"]
["Área das UPAs acima de 10.000 ha","hectare","-","-","-","-","-"]
["Fonte: Secretaria de Agricultura e Abastecimento, CDRS/IEA, Projeto LUPA."]
[]
["TABELA 275.2 - Explorações Animais, Município de Jaborandi, Estado de São Paulo, 2016/17."]
["ITEM","UNIDADE","N.DE UPAs","MÍNIMO","MÉDIO","MÁXIMO","TOTAL"]
["Asininos e muares","cabecas",2,{"v":6,"d":"6.0"},{"v":33,"d":"33.0"},{"v":60,"d":"60.0"},{"v":66,"d":"66.0"}]
["Avicultura de corte","cabecas/ano",2,{"v":1100,"d":"1,100.0"},{"v":48050,"d":"48,050.0"},{"v":95000,"d":"95,000.0"},{"v":96100,"d":"96,100.0"}]
["Avicultura ornamental/decorativa/exotica","cabecas",1,{"v":50,"d":"50.0"},{"v":50,"d":"50.0"},{"v":50,"d":"50.0"},{"v":50,"d":"50.0"}]
["Bovinocultura de corte","cabecas",12,{"v":10,"d":"10.0"},{"v":128.83,"d":"128.8"},{"v":1000,"d":"1,000.0"},{"v":1546,"d":"1,546.0"}]
["Bovinocultura leiteira","cabecas",2,{"v":2,"d":"2.0"},3.5,{"v":5,"d":"5.0"},{"v":7,"d":"7.0"}]
["Bovinocultura mista","cabecas",36,{"v":1,"d":"1.0"},{"v":36.92,"d":"36.9"},{"v":650,"d":"650.0"},{"v":1329,"d":"1,329.0"}]
["Bubalinocultura","cabecas",1,{"v":10,"d":"10.0"},{"v":10,"d":"10.0"},{"v":10,"d":"10.0"},{"v":10,"d":"10.0"}]
["Equinocultura","cabecas",22,{"v":1,"d":"1.0"},{"v":11.27,"d":"11.3"},{"v":50,"d":"50.0"},{"v":248,"d":"248.0"}]
["Ooutra exploracao animal","cabecas",1,{"v":30,"d":"30.0"},{"v":30,"d":"30.0"},{"v":30,"d":"30.0"},{"v":30,"d":"30.0"}]
["Ovinocultura","cabecas",10,{"v":20,"d":"20.0"},{"v":37,"d":"37.0"},{"v":100,"d":"100.0"},{"v":370,"d":"370.0"}]
["Piscicultura","m2 tanques",7,{"v":400,"d":"400.0"},{"v":7857.14,"d":"7,857.1"},{"v":25600,"d":"25,600.0"},{"v":55000,"d":"55,000.0"}]
["Suinocultura","cabecas",2,{"v":8,"d":"8.0"},11.5,{"v":15,"d":"15.0"},{"v":23,"d":"23.0"}]
["Fonte: Secretaria de Agricultura e Abastecimento, CDRS/IEA, Projeto LUPA."]
[]
["TABELA 275.3 -  Máquinas, Implementos e Benfeitorias, Município de Jaborandi, Estado de São Paulo, 2016/17."]
["ITEM","UNIDADE","N.DE UPAs","MÍNIMO","MÉDIO","MÁXIMO","TOTAL"]
["Arado comum (bacia, aiveca)","unidade",32,{"v":1,"d":"1.0"},{"v":1.22,"d":"1.2"},{"v":2,"d":"2.0"},{"v":39,"d":"39.0"}]
["Arado escarificador","unidade",4,{"v":1,"d":"1.0"},{"v":1.75,"d":"1.8"},{"v":3,"d":"3.0"},{"v":7,"d":"7.0"}]
["Arado subsolador","unidade",35,{"v":1,"d":"1.0"},{"v":1.31,"d":"1.3"},{"v":4,"d":"4.0"},{"v":46,"d":"46.0"}]
["Batedeira de cereais","unidade",1,{"v":1,"d":"1.0"},{"v":1,"d":"1.0"},{"v":1,"d":"1.0"},{"v":1,"d":"1.0"}]
["Carreta de trator","unidade",14,{"v":1,"d":"1.0"},{"v":1.79,"d":"1.8"},{"v":4,"d":"4.0"},{"v":25,"d":"25.0"}]
["Colhedeira acoplada","unidade",3,{"v":2,"d":"2.0"},{"v":2.33,"d":"2.3"},{"v":3,"d":"3.0"},{"v":7,"d":"7.0"}]
["Colhedeira automotriz","unidade",14,{"v":1,"d":"1.0"},{"v":1.07,"d":"1.1"},{"v":2,"d":"2.0"},{"v":15,"d":"15.0"}]
["Conj.irrigacao autopropelido","unidade",1,{"v":2,"d":"2.0"},{"v":2,"d":"2.0"},{"v":2,"d":"2.0"},{"v":2,"d":"2.0"}]
["Conj.irrigacao convencional","unidade",2,{"v":1,"d":"1.0"},{"v":1,"d":"1.0"},{"v":1,"d":"1.0"},{"v":2,"d":"2.0"}]
["Conj.irrigacao pivot central","unidade",6,{"v":1,"d":"1.0"},{"v":2.33,"d":"2.3"},{"v":6,"d":"6.0"},{"v":14,"d":"14.0"}]
["Conj.irrigacao/gotejamento/microaspersao","unidade",3,{"v":1,"d":"1.0"},{"v":1.67,"d":"1.7"},{"v":3,"d":"3.0"},{"v":5,"d":"5.0"}]
["Conjunto de fenacao","unidade",4,{"v":1,"d":"1.0"},{"v":1,"d":"1.0"},{"v":1,"d":"1.0"},{"v":4,"d":"4.0"}]
["Desintegrador, picador, triturador","unidade",33,{"v":1,"d":"1.0"},{"v":1.33,"d":"1.3"},{"v":3,"d":"3.0"},{"v":44,"d":"44.0"}]
["Distribuidor de calcario","unidade",31,{"v":1,"d":"1.0"},1.1,{"v":2,"d":"2.0"},{"v":34,"d":"34.0"}]
["Ensiladeira","unidade",14,{"v":1,"d":"1.0"},{"v":1.43,"d":"1.4"},{"v":4,"d":"4.0"},{"v":20,"d":"20.0"}]
["Grade aradora (tipo romi)","unidade",43,{"v":1,"d":"1.0"},{"v":1.26,"d":"1.3"},{"v":3,"d":"3.0"},{"v":54,"d":"54.0"}]
["Grade niveladora","unidade",46,{"v":1,"d":"1.0"},{"v":1.13,"d":"1.1"},{"v":2,"d":"2.0"},{"v":52,"d":"52.0"}]
["Misturador de racao","unidade",8,{"v":1,"d":"1.0"},{"v":1.25,"d":"1.3"},{"v":3,"d":"3.0"},{"v":10,"d":"10.0"}]
["Pulverizador tratorizado","unidade",61,{"v":1,"d":"1.0"},{"v":1.59,"d":"1.6"},{"v":6,"d":"6.0"},{"v":97,"d":"97.0"}]
["Roçadeira tratorizada","unidade",2,{"v":1,"d":"1.0"},1.5,{"v":2,"d":"2.0"},{"v":3,"d":"3.0"}]
["Roçadora","unidade",18,{"v":1,"d":"1.0"},{"v":1.33,"d":"1.3"},{"v":6,"d":"6.0"},{"v":24,"d":"24.0"}]
["Semeadeira/adubadeira para plantio convencional","unidade",21,{"v":1,"d":"1.0"},{"v":1.33,"d":"1.3"},{"v":3,"d":"3.0"},{"v":28,"d":"28.0"}]
["Semeadeira/plantadeira plantio direto","unidade",20,{"v":1,"d":"1.0"},{"v":1.25,"d":"1.3"},{"v":3,"d":"3.0"},{"v":25,"d":"25.0"}]
["Terraceador","unidade",6,{"v":1,"d":"1.0"},{"v":1.17,"d":"1.2"},{"v":2,"d":"2.0"},{"v":7,"d":"7.0"}]
["Trator de pneus  acima de 85 cv","unidade",38,{"v":1,"d":"1.0"},{"v":1.89,"d":"1.9"},{"v":5,"d":"5.0"},{"v":72,"d":"72.0"}]
["Trator de pneus até 65 cv","unidade",24,{"v":1,"d":"1.0"},{"v":1.38,"d":"1.4"},{"v":3,"d":"3.0"},{"v":33,"d":"33.0"}]
["Trator de pneus de 66 cv a 85 cv","unidade",67,{"v":1,"d":"1.0"},{"v":1.52,"d":"1.5"},{"v":4,"d":"4.0"},{"v":102,"d":"102.0"}]
["Acude/represa","unidade",24,{"v":1,"d":"1.0"},{"v":1.75,"d":"1.8"},{"v":6,"d":"6.0"},{"v":42,"d":"42.0"}]
["Alambique","unidade",2,{"v":1,"d":"1.0"},1.5,{"v":2,"d":"2.0"},{"v":3,"d":"3.0"}]
["Almoxarifado/oficina","unidade",17,{"v":1,"d":"1.0"},{"v":1.06,"d":"1.1"},{"v":2,"d":"2.0"},{"v":18,"d":"18.0"}]
["Armazem para graos ensacados","sacas",2]
["Balanca para bovinos","unidade",6,{"v":1,"d":"1.0"},{"v":1,"d":"1.0"},{"v":1,"d":"1.0"},{"v":6,"d":"6.0"}]
["Balanca para veiculos","unidade",1,{"v":1,"d":"1.0"},{"v":1,"d":"1.0"},{"v":1,"d":"1.0"},{"v":1,"d":"1.0"}]
["Barracao para granja/avicultura","unidade",2,{"v":4,"d":"4.0"},{"v":5,"d":"5.0"},{"v":6,"d":"6.0"},{"v":10,"d":"10.0"}]
["Barracao/galpao/garagem","unidade",81,{"v":1,"d":"1.0"},1.3,{"v":4,"d":"4.0"},{"v":105,"d":"105.0"}]
["Casa de moradia habitada","unidade",85,{"v":1,"d":"1.0"},{"v":1.62,"d":"1.6"},{"v":8,"d":"8.0"},{"v":138,"d":"138.0"}]
["Casa de moradia total","unidade",102,{"v":1,"d":"1.0"},{"v":2.38,"d":"2.4"},{"v":10,"d":"10.0"},{"v":243,"d":"243.0"}]
["Curral/mangueira","unidade",44,{"v":1,"d":"1.0"},{"v":1.43,"d":"1.4"},{"v":8,"d":"8.0"},{"v":63,"d":"63.0"}]
["Deposito/tulha","unidade",25,{"v":1,"d":"1.0"},1.2,{"v":4,"d":"4.0"},{"v":30,"d":"30.0"}]
["Estabulo","unidade",5,{"v":1,"d":"1.0"},{"v":1,"d":"1.0"},{"v":1,"d":"1.0"},{"v":5,"d":"5.0"}]
["Estufa/plasticultura","m2",2]
["Fabrica de racao","unidade",7,{"v":1,"d":"1.0"},{"v":1,"d":"1.0"},{"v":1,"d":"1.0"},{"v":7,"d":"7.0"}]
["Instalacoes para equinos","unidade",8,{"v":2,"d":"2.0"},{"v":5.75,"d":"5.8"},{"v":11,"d":"11.0"},{"v":46,"d":"46.0"}]
["Pocilga","unidade",15,{"v":1,"d":"1.0"},{"v":1.33,"d":"1.3"},{"v":3,"d":"3.0"},{"v":20,"d":"20.0"}]
["Poco semi-artesiano","unidade",16,{"v":1,"d":"1.0"},{"v":1.06,"d":"1.1"},{"v":2,"d":"2.0"},{"v":17,"d":"17.0"}]
["Silo para graos","ton",1]
["Silo para silagem","ton",4]
["Terreiro","m2",11]
["Fonte: Secretaria de Agricultura e Abastecimento, CDRS/IEA, Projeto LUPA."]
[]
["TABELA 275.4 - Outras Estatísticas Agrícolas, Município de Jaborandi, Estado de São Paulo, 2016/17."]
["ITEM","Número de UPAs",null,"Percentual"]
["Faz Parte de Associação de Produtores",233,null,{"v":77.40863787375416,"d":"77.4"}]
["Faz Parte de Cooperativa de Produtores",254,null,{"v":84.38538205980066,"d":"84.4"}]
["Faz Parte do Sindicato de Produtores",73,null,{"v":24.25249169435216,"d":"24.3"}]
["Não utiliza assistência técnica ",56,null,{"v":18.6046511627907,"d":"18.6"}]
["Utiliza somente assistência técnica governamental ",1,null,{"v":0.33222591362126247,"d":"0.3"}]
["Utiliza somente assistência técnica privada ",219,null,{"v":72.75747508305648,"d":"72.8"}]
["Utiliza assistência técnica tanto governamental quanto privada",25,null,{"v":8.305647840531561,"d":"8.3"}]
["Utiliza Crédito Rural",139,null,{"v":46.17940199335548,"d":"46.2"}]
["Utiliza Seguro Rural",68,null,{"v":22.591362126245848,"d":"22.6"}]
["Utiliza Escrituração Agrícola",294,null,{"v":97.67441860465115,"d":"97.7"}]
["Acessa Internet p/ Fins na Agropecuária",246,null,{"v":81.72757475083056,"d":"81.7"}]
["Utiliza Computador nas Atividades Agropecuárias",79,null,{"v":26.245847176079735,"d":"26.2"}]
["Utiliza Energia Elétrica Para Uso na Atividade Agrícola",127,null,{"v":42.19269102990033,"d":"42.2"}]
["Utiliza Energia Alternativa","-",null,"-"]
["Realiza Análise de Solo, quando necessário",296,null,{"v":98.33887043189368,"d":"98.3"}]
["Realiza Calagem",280,null,{"v":93.02325581395348,"d":"93.0"}]
["Utiliza Práticas de Conservação de Solo, quando necessário",297,null,{"v":98.67109634551494,"d":"98.7"}]
["Faz Adubação Mineral, quando necessário",294,null,{"v":97.67441860465115,"d":"97.7"}]
["Faz Adubação Orgânica, quando necessário",8,null,{"v":2.6578073089700998,"d":"2.7"}]
["Faz Adubação Verde, quando necessário",6,null,{"v":1.993355481727575,"d":"2.0"}]
["Utiliza Manejo Integrado de Pragas (MIP)",80,null,{"v":26.578073089700993,"d":"26.6"}]
["Utiliza Hidroponia","-",null,"-"]
["Utiliza Cultivo em Estufa",1,null,{"v":0.33222591362126247,"d":"0.3"}]
["Utiliza Mudas Fiscalizadas",21,null,{"v":6.9767441860465125,"d":"7.0"}]
["Utiliza Semente Melhorada",13,null,{"v":4.318936877076412,"d":"4.3"}]
["Faz Confinamento de Bovinos",2,null,{"v":0.6644518272425249,"d":"0.7"}]
["Utiliza Pastejo Intensivo",19,null,{"v":6.312292358803987,"d":"6.3"}]
["Faz Inseminação Artificial",6,null,{"v":1.993355481727575,"d":"2.0"}]
["Faz Mineralização do Rebanho",40,null,{"v":13.289036544850497,"d":"13.3"}]
["Faz Vermifugação do Rebanho",41,null,{"v":13.621262458471762,"d":"13.6"}]
["Possui Parceiros /Arrendatários na Exploração Animal",25,null,{"v":8.305647840531561,"d":"8.3"}]
["Existência de trabalhadores c/ deficiência na UPA","-",null,"-"]
["Esporte e lazer","-",null,"-"]
["Extração mineral","-",null,"-"]
["Hotel Fazenda, Pousada ou SPA","-",null,"-"]
["Pesque-pague","-",null,"-"]
["Restaurante ou Lanchonete","-",null,"-"]
["Transformação artesanal","-",null,"-"]
["Turismo rural ou ecoturismo","-",null,"-"]
["Outras atividades econômicas rurais","-",null,"-"]
["Agroindústria","-",null,"-"]
["Proprietário sem instrução ou com instrução incompleta",3,null,{"v":0.9966777408637874,"d":"1.0"}]
["Proprietário com antigo primário completo",39,null,{"v":12.956810631229235,"d":"13.0"}]
["Proprietário com 1° grau (ou antigo ginasial) completo",76,null,{"v":25.249169435215947,"d":"25.2"}]
["Proprietário com 2° grau (ou antigo colegial) completo",69,null,{"v":22.92358803986711,"d":"22.9"}]
["Proprietário com curso superior completo ",109,null,{"v":36.21262458471761,"d":"36.2"}]
["Pessoa Jurídica",5,null,{"v":1.6611295681063123,"d":"1.7"}]
["Proprietário residente na própria UPA ",30,null,{"v":9.966777408637872,"d":"10.0"}]
["Fonte: Secretaria de Agricultura e Abastecimento, CDRS/IEA, Projeto LUPA."]
[]
["TABELA 275.5 - Área Cultivada, Município de Jaborandi, Estado de São Paulo, 2016/17."]
["CULTURA","N.DE UPAs","MÍNIMO","MÉDIO","MÁXIMO","TOTAL"]
["Cana-de-acucar finalidade industria",274,{"v":1,"d":"1.0"},{"v":72.69,"d":"72.7"},{"v":1292.5,"d":"1,292.5"},{"v":19918,"d":"19,918.0"}]
["Milho safra",6,1.6,{"v":224.57,"d":"224.6"},822.8,{"v":1347.4,"d":"1,347.4"}]
["Braquiaria",48,0.2,{"v":21.05,"d":"21.1"},{"v":184,"d":"184.0"},{"v":1010.3,"d":"1,010.3"}]
["Seringueira",32,0.6,{"v":15.39,"d":"15.4"},86.7,492.5]
["Milho 2 safra",4,11.9,{"v":73.83,"d":"73.8"},{"v":185,"d":"185.0"},295.3]
["Coloniao",3,{"v":6,"d":"6.0"},{"v":45.67,"d":"45.7"},{"v":110,"d":"110.0"},{"v":137,"d":"137.0"}]
["Soja",3,7.3,{"v":25.77,"d":"25.8"},{"v":54,"d":"54.0"},77.3]
["Tomate rasteiro",1,{"v":60,"d":"60.0"},{"v":60,"d":"60.0"},{"v":60,"d":"60.0"},{"v":60,"d":"60.0"}]
["Eucalipto",4,0.7,{"v":13.55,"d":"13.6"},43.5,54.2]
["Arroz",1,43.5,43.5,43.5,43.5]
["Gramas",10,0.8,{"v":3.63,"d":"3.6"},{"v":8,"d":"8.0"},36.3]
["Outras florestais",10,0.2,{"v":2.68,"d":"2.7"},6.7,26.8]
["Setaria",1,{"v":13,"d":"13.0"},{"v":13,"d":"13.0"},{"v":13,"d":"13.0"},{"v":13,"d":"13.0"}]
["Tangerina",1,{"v":10,"d":"10.0"},{"v":10,"d":"10.0"},{"v":10,"d":"10.0"},{"v":10,"d":"10.0"}]
["Outras gramineas para pastagem",3,1.1,3.1,6.2,9.3]
["Laranja Mercado",1,{"v":6,"d":"6.0"},{"v":6,"d":"6.0"},{"v":6,"d":"6.0"},{"v":6,"d":"6.0"}]
["Tangor",1,{"v":5,"d":"5.0"},{"v":5,"d":"5.0"},{"v":5,"d":"5.0"},{"v":5,"d":"5.0"}]
["Quiabo",2,0.1,{"v":1.05,"d":"1.1"},{"v":2,"d":"2.0"},2.1]
["Tomate envarado",1,1.9,1.9,1.9,1.9]
["Berinjela",1,{"v":1,"d":"1.0"},{"v":1,"d":"1.0"},{"v":1,"d":"1.0"},{"v":1,"d":"1.0"}]
["Abobora (ou jerimum)",1,{"v":1,"d":"1.0"},{"v":1,"d":"1.0"},{"v":1,"d":"1.0"},{"v":1,"d":"1.0"}]
["Alface",2,0.1,0.3,0.5,0.6]
["Outras olericolas",1,0.2,0.2,0.2,0.2]
["Cebolinha",1,0.1,0.1,0.1,0.1]
["Fonte: Secretaria de Agricultura e Abastecimento, CDRS/IEA, Projeto LUPA."]